Muzeológia a kultúrne dedičstvo vedecký recenzovaný časopis
| Other Authors: | , |
|---|---|
| Format: | Journal |
| Language: | Slovak Czech |
| PhysicalDescription: | zv. 24 cm Online vydanie: Muzeológia a kultúrne dedičstvo (Online) = ISSN 2453-9759 |
| Published: |
Bratislava
Filozofická fakulta Univerzity Komenského
2013-2019
|
| ISSN: | 1339-2204 |
| Subjects: | |
| Online Access: | http://www.muzeologia.sk |
MARC
| LEADER | 00000cas a2200000 a 4500 | ||
|---|---|---|---|
| 001 | vtls010517196 | ||
| 003 | SK-MaSNL | ||
| 005 | 20260228160207.0 | ||
| 008 | 130606d20132019xo fr|p 0 b0slo | ||
| 022 | |a 1339-2204 | ||
| 040 | |a SNMK |b slo |c SNMK |d SNK |e AACR2 | ||
| 041 | 0 | |a slo |a cze |b eng | |
| 044 | |a xo |c SK | ||
| 072 | 7 | |a 069 |x Múzeá. Muzeológia. Múzejníctvo. Výstavy |2 konspekt | |
| 072 | 7 | |a 930.85 |x Dejiny civilizácie. Kultúrne dejiny |2 konspekt | |
| 080 | |a 069.01 |2 2011 | ||
| 080 | |a 930.85 |2 2011 | ||
| 080 | |a (051)001 |2 2011 | ||
| 080 | |a 050 |2 2011 | ||
| 210 | 0 | |a Muzeol. kult. dedičstvo |b (Tlačené vyd.) | |
| 222 | 0 | |a Muzeológia a kultúrne dedičstvo |b (Tlačené vydanie) | |
| 245 | 0 | 0 | |a Muzeológia a kultúrne dedičstvo |b vedecký recenzovaný časopis |
| 246 | 1 | 1 | |a Museology and Cultural Heritage |b peer-reviewed scientific journal |
| 260 | |a Bratislava |b Filozofická fakulta Univerzity Komenského |c 2013-2019 | ||
| 300 | |a zv. |c 24 cm | ||
| 310 | |a 2x ročne | ||
| 362 | 0 | |a Č. 1 (2013) - č. 2 (2016) ; Roč. 5, č. 1 (2017) - 2019 | |
| 500 | |a Zostavili: 2013- , Ľuboš Kačírek, Pavol Tišliar | ||
| 500 | |a Súbežný podnázov od 2015: peer-reviewed scholarly journal | ||
| 500 | |a Registračné č. MK SR: EV 5516/17 | ||
| 500 | |a Od r. 2020 vydávanie len elektronicky | ||
| 530 | |a Online vydanie: Muzeológia a kultúrne dedičstvo (Online) = ISSN 2453-9759 | ||
| 546 | |a Čiast. text aj čes. ; Res. v anglickom jazyku | ||
| 650 | 0 | 7 | |a muzeológia |2 SNKPH |9 26558 |
| 650 | 0 | 7 | |a kultúrne dedičstvo |2 SNKPH |9 4195 |
| 650 | 0 | 7 | |a Museology |2 SNKPHeng |9 266125 |
| 650 | 0 | 7 | |a Cultural heritage |2 SNKPHeng |9 265420 |
| 655 | 7 | |a vedecké časopisy |2 SNKPH |9 70520 | |
| 655 | 7 | |a Scientific journals |2 SNKPHeng |9 265227 | |
| 700 | 1 | |a Kačírek, Ľuboš, |d 1971- |4 com |9 211639 | |
| 700 | 1 | |a Tišliar, Pavol, |d 1975- |4 com |9 225338 | |
| 710 | 2 | |a Univerzita Komenského v Bratislave. |b Filozofická fakulta. |b Katedra etnológie a kultúrnej antropológie |4 pbl |9 78860 | |
| 856 | 4 | |u http://www.muzeologia.sk | |
| 910 | |a snmk | ||
| 910 | |a snk | ||
| 916 | |a 2013-2014,2015-2016, 2017-2018 | ||
| 999 | |c 1864 |d 3794 | ||
| 952 | |0 0 |1 0 |4 0 |7 0 |8 0 |a SNK |b SNK |d 2021-06-09 |i snk2021/6631 |l 0 |o snkČSC 3567/7/2019 D1 |p 17A1434377 |r 2026-02-21 19:52:46 |t č. 1-2 |w 2026-02-21 |y PREZ | ||
| 952 | |0 0 |1 0 |4 0 |7 0 |8 0 |a SNK |b SNK |d 2015-05-22 |f 1 |i snk2015/16405 |l 0 |o snkČSC 3567/2013 |p 17A1096615 |r 2026-02-21 21:34:51 |t č. 1-2 |w 2026-02-21 |y PREZ | ||
| 952 | |0 0 |1 0 |4 0 |7 0 |8 0 |a SNK |b SNK |d 2015-05-22 |f 1 |i snk2015/16406 |l 0 |o snkČSC 3567/2014 |p 17A1096616 |r 2026-02-21 21:34:51 |t č. 1-2 |w 2026-02-21 |y PREZ | ||
| 952 | |0 0 |1 0 |4 0 |7 0 |8 0 |a SNK |b SNK |d 2015-05-22 |i snk2015/16409 |l 0 |o snkČSC 3567/2013 D1 |p 17A1096617 |r 2026-02-21 21:34:51 |t č. 1-2 |w 2026-02-21 |y PREZ | ||
| 952 | |0 0 |1 0 |4 0 |7 0 |8 0 |a SNK |b SNK |d 2017-09-11 |i snk2017/19754 |l 0 |o snkČSC 3567/2015 D1 |p 17A1263910 |r 2026-02-21 21:56:08 |t č. 1-2 |w 2026-02-21 |y PREZ | ||
| 952 | |0 0 |1 0 |4 0 |7 0 |8 0 |a SNK |b SNK |d 2017-09-11 |f 1 |i snk2017/19760 |l 0 |o snkČSC 3567/2016 |p 17A1263909 |r 2026-02-21 21:56:08 |t č. 1-2 |w 2026-02-21 |y PREZ | ||
| 952 | |0 0 |1 0 |4 0 |7 0 |8 0 |a SNK |b SNK |d 2019-10-11 |i snk2019/25763 |l 0 |o snkČSC 3567/5/2017 D1 |p 17A1383991 |r 2026-02-21 22:00:11 |t č. 1-2 |w 2026-02-21 |y PREZ | ||
| 952 | |0 0 |1 0 |4 0 |7 0 |8 0 |a SNK |b SNK |d 2019-10-11 |f 1 |i snk2019/25764 |l 0 |o snkČSC 3567/6/2018 |p 17A1383992 |r 2026-02-21 22:00:11 |t č. 1-2 |w 2026-02-21 |y PREZ | ||
| 952 | |0 0 |1 0 |4 0 |7 0 |8 0 |a SNK |b SNK |d 2020-06-03 |i snk2020/9325 |l 0 |o snkČSC 3567/6/2018 D1 |p 17A1388387 |r 2026-02-21 22:01:18 |t č. 1-2 |w 2026-02-21 |y PREZ | ||
| 952 | |0 0 |1 0 |4 0 |7 0 |8 0 |a SNK |b SNK |d 2020-06-03 |f 1 |i snk2020/9367 |l 0 |o snkČSC 3567/7/2019 |p 17A1388388 |r 2026-02-21 22:01:18 |t č. 1-2 |w 2026-02-21 |y PREZ | ||
| 952 | |0 0 |1 0 |4 0 |7 0 |8 0 |a SNK |b SNK |d 2016-09-16 |i snk2016/21545 |l 0 |o snkČSC 3567/2014 D1 |p 17A1202916 |r 2026-02-21 22:02:50 |t č. 1-2 |w 2026-02-21 |y PREZ | ||
| 952 | |0 0 |1 0 |4 0 |7 0 |8 0 |a SNK |b SNK |d 2016-09-16 |f 1 |i snk2016/21546 |l 0 |o snkČSC 3567/2015 |p 17A1202915 |r 2026-02-21 22:02:50 |t č. 1-2 |w 2026-02-21 |y PREZ | ||
| 952 | |0 0 |1 0 |4 0 |7 0 |8 0 |a SNK |b SNK |d 2018-11-27 |i snk2018/25282 |l 0 |o snkČSC 3567/2016 D1 |p 17A1341540 |r 2026-02-21 22:05:55 |t č. 1-2 |w 2026-02-21 |y PREZ | ||
| 952 | |0 0 |1 0 |4 0 |7 0 |8 0 |a SNK |b SNK |d 2018-11-27 |f 1 |i snk2018/25284 |l 0 |o snkČSC 3567/5/2017 |p 17A1341541 |r 2026-02-21 22:05:56 |t č. 1-2 |w 2026-02-21 |y PREZ | ||


